000 00370nam a2200157Ia 4500
008 241014s9999||||xx |||||||||||||| ||und||
020 _a9780074707845
060 _aHF 563 N 1996
100 _aNeish, William
245 0 _aManagement Accounting
250 _a1996
260 _aBeijing
_bMC Graw- Hill
300 _a655
650 _aAccounting
942 _bIBHM
_cBK
999 _c16229
_d16229